Current airplane manufacturers - Sudden Death - Statistics

General Stats
  • This quiz has been taken 99 times
  • The average score is 4 of 6
Answers on the Grid
Answers color-coded by a green-red scale on the quiz's grid according to % correct below.
Rolls-Royce
Tupolev
COMAC
Lockheed-Martin
Bombardier
Boeing
Pratt & Whitney
Embraer
Airbus
 
Answer Stats
Answer % Correct
Boeing
89%
Airbus
86%
Passenger planes from Brazil Embraer
74%
Canadian manufacurer Bombardier
73%
Still produces the TU-204SM Tupolev
59%
Chinese passenger planes COMAC
51%
No matching quizzes found
Score Distribution
Percent of People with Each Score
Percentile by Number Answered
Your Score History
You have not taken this quiz